Spillover: animal infections and the next human pandemic (Record no. 32738)

MARC details
000 -LEADER
fixed length control field 00617nam a2200157 a 4500
008 - FIXED-LENGTH DATA ELEMENTS--GENERAL INFORMATION
fixed length control field 150825s2013 ||||||||||||||||| || u
020 ## - INTERNATIONAL STANDARD BOOK NUMBER
International Standard Book Number 9780099522850
050 ## - LIBRARY OF CONGRESS CALL NUMBER
Classification number RA 693 Qua
100 ## - MAIN ENTRY--PERSONAL NAME
Personal name Quammen, David
245 10 - TITLE STATEMENT
Title Spillover: animal infections and the next human pandemic
Statement of responsibility, etc. by David Quammen
260 ## - PUBLICATION, DISTRIBUTION, ETC.
Place of publication, distribution, etc. London:
Name of publisher, distributor, etc. Vintage Books
Date of publication, distribution, etc. 2013
300 ## - PHYSICAL DESCRIPTION
Extent 587p.
350 ## -
-- 46.01
650 ## - SUBJECT ADDED ENTRY--TOPICAL TERM
Topical term or geographic name entry element ANIMALS AS CARRIERS OF DISEASES
995 ## -
-- MICHAEL CHILUFYA SATA OPEN ACCESS
-- 903131
-- CBU-SCHOOL OF MEDICINE LIBRARY (Ndola)
-- 46.01
-- RA 693 Qua
-- 1
-- AVAILABLE
-- Aug 25, 2015
-- 903131
-- Medical Library Open Access Collection
999 ## -
-- 32738
-- 32738
Holdings
Withdrawn status Lost status Source of classification or shelving scheme Damaged status Not for loan Permanent Location Current Location Shelving location Date acquired Total Checkouts Full call number Barcode Date last seen Price effective from Koha item type
          CBU-SCHOOL OF MEDICINE LIBRARY, NDOLA. CBU-SCHOOL OF MEDICINE LIBRARY, NDOLA.   11/30/2022   RA 693 Qua 903131 11/30/2022 11/30/2022 MONOGRAPH